00386nam a2200145Ia 4500008004100000020001500041041001200056082001600068100001300084245007300097260003300170300000700203650001600210700001400226221030s9999 xx 000 0 und d a8175440589 aEnglish a105.23bMeh aS. Mehta 0aWheeler`s Question Bank Series C Programmingcby S. Mehta, R. Bangia bWheeler PubaNew Delhic1999 a96 aBE Computer aR. Bangia